Surovinová základňa Slovenska dosiaľ nie je dostatočne využitá

Charakteristika surovinovej základne Slovenska a možností jej využitia: magnezit, soľ, zlato, striebro, mastenec. Slovensko je odkázané na dovoz surovín. Rezervy vo finalizácii slovenských ťažobných komodít.

Guardado en:
Detalles Bibliográficos
Autor principal: Sekula, F.
Formato: Capítulo de libro
Lenguaje:eslovaco
Materias:
Etiquetas: Agregar Etiqueta
Sin Etiquetas, Sea el primero en etiquetar este registro!

MARC

LEADER 00000naa a2200000 4500
001 r022352
005 20230921074113.5
041 0 |a slo 
044 |a SK 
245 1 0 |a Surovinová základňa Slovenska dosiaľ nie je dostatočne využitá  |c F. Sekula 
520 |a Charakteristika surovinovej základne Slovenska a možností jej využitia: magnezit, soľ, zlato, striebro, mastenec. Slovensko je odkázané na dovoz surovín. Rezervy vo finalizácii slovenských ťažobných komodít. 
610 2 0 |a Slovensko 
610 2 0 |a suroviny nerastné 
610 2 0 |a komodity 
610 2 0 |a dovoz 
610 2 0 |a vývoz 
610 2 0 |a zásoby nevyužité 
610 2 0 |a ťažba surovín 
100 1 |a Sekula, F.